01357nam a2200253 a 450000100100000000500170001000800410002704000250006809000200009310000310011324500610014426000360020530000210024159000260026265000280028865000310031691000420034795201190038995201190050895201850062795201640081295201100097699900170108600001121020240412074224.0091015s19uu dr r 000 0 spa d aDO-SdBNPbspacBNPHU aRD861.44bR696c1 aRodríguez, José92300210aCabalgando sobre el recuerdo :bvivencias de juventud /. aSanto Domingo :bTele-3,c199-? a114 p. ;c23 cm. aInventariado, 2018/BT 0aPoesía dominicana966 0aLiteratura dominicana.967 aValidado. Control de calidad. MMOLINA 001054708DSaGRbGRcHDd2018-12-10iLF1l0o p11210-30r2020-06-25te.3w2020-06-25yLFDSZPréstamo en sala 001054708DSaGRbGRcHDd2018-12-10iLF1l0o p11210-40r2020-06-25te.4w2020-06-25yLFDSZPréstamo en sala 001054708DSaGRbGRcHDd2019-06-25iLF1l0o p11210-50r2020-06-25te.5w2020-06-25yLFDSzPerteneció a la biblioteca personal de la familia Reyes Duluc.ZPréstamo en sala 0010718PDaPDbPDcHDd2009-10-15iLF1l0o p11210-10r2020-06-25w2020-06-25yLFPDzPerteneció a la biblioteca personal de Lourdes Delgado.ZNo se presta 0010718PDaPDbPDcHDd2009-10-15iLF1l0o p11210-20r2020-06-25te.2w2020-06-25yLFPDZNo se presta c10929d10929